| 000 | 01408nam a2200373Ia 4500 | ||
|---|---|---|---|
| 001 | ebr10062806 | ||
| 003 | CaPaEBR | ||
| 006 | m u | ||
| 007 | cr cn||||||||| | ||
| 008 | 970507s1997 enkab sb 001 0 eng d | ||
| 010 | _z 97014868 | ||
| 020 | _z0203437276 | ||
| 020 | _z0415137586 (hardcover) | ||
| 020 | _z0415137594 (pbk.) | ||
| 040 |
_aCaPaEBR _cCaPaEBR |
||
| 035 | _a(OCoLC)226376607 | ||
| 050 | 1 | 4 |
_aGB451.2 _b.F75 1997eb |
| 082 | 0 | 4 |
_a333.91/715 _221 |
| 100 | 1 |
_aFrench, Peter W., _d1964- |
|
| 245 | 1 | 0 |
_aCoastal and estuarine management _h[electronic resource] / _cPeter W. French. |
| 260 |
_aLondon ; _aNew York : _bRoutledge, _c1997. |
||
| 300 |
_axv, 251 p. : _bill., maps. |
||
| 490 | 1 | _aRoutledge environmental management series | |
| 504 | _aIncludes bibliographical references (p. 223-243) and indexes. | ||
| 533 |
_aElectronic reproduction. _bPalo Alto, Calif. : _cebrary, _d2009. _nAvailable via World Wide Web. _nAccess may be limited to ebrary affiliated libraries. |
||
| 650 | 0 | _aCoasts. | |
| 650 | 0 | _aEstuaries. | |
| 650 | 0 | _aCoastal zone management. | |
| 650 | 0 | _aEstuarine area conservation. | |
| 655 | 7 |
_aElectronic books. _2local |
|
| 710 | 2 | _aebrary, Inc. | |
| 830 | 0 | _aRoutledge environmental management series. | |
| 856 | 4 | 0 |
_uhttp://site.ebrary.com/lib/rucke/Doc?id=10062806 _zAn electronic book accessible through the World Wide Web; click to view |
| 999 |
_c47171 _d47171 |
||